[Event "ch-city"]
[Site "Milanowek"]
[Date "2011.??.??"]
[Round "6.5"]
[White "Dabrowski, Mikolaj"]
[Black "Wojtowicz, Mieczyslaw"]
[Result "1/2-1/2"]
[WhiteElo "1434"]
[BlackElo "1737"]
[PlyCount "59"]
[EventDate "2011.??.??"]

1. e4 e5 2. Nf3 Nc6 3. Bc4 h6 4. d3 Nf6 5. Nc3 Bb4 6. O-O Bxc3 7. bxc3 d5 8.
exd5 Nxd5 9. Qd2 O-O 10. Bb2 Re8 11. h3 Nb6 12. Bb5 Bd7 13. Rfe1 f6 14. c4 a6
15. Bxc6 Bxc6 16. Re3 Bxf3 17. Rxf3 Nxc4 18. Qc3 Nxb2 19. Qxb2 b6 20. Re1 Qd6
21. Re4 b5 22. Rg4 c5 23. Qc1 Kh7 24. Qe3 Qc6 25. h4 Ra7 26. h5 Rae7 27. Rg6
Kh8 28. Rfg3 Rg8 29. R3g4 b4 30. f4 1/2-1/2

[Event "ch-city"]
[Site "Milanowek"]
[Date "2011.??.??"]
[Round "6.6"]
[White "Tomaszewski, Wieslaw"]
[Black "Fraczek, Lukasz"]
[Result "1/2-1/2"]
[WhiteElo "1573"]
[BlackElo "1503"]
[PlyCount "129"]
[EventDate "2011.??.??"]

1. d4 Nf6 2. Bf4 g6 3. e3 Bg7 4. Nf3 O-O 5. Bd3 d6 6. c4 Re8 7. O-O c5 8. Qc2
Nc6 9. a3 cxd4 10. exd4 Bg4 11. Nbd2 Bxf3 12. Nxf3 Nxd4 13. Nxd4 e5 14. Be3
exd4 15. Bxd4 Rc8 16. Qb3 b6 17. Rad1 d5 18. g3 dxc4 19. Bxc4 Qc7 20. Bb5 Red8
21. Rfe1 Qc2 22. Qxc2 Rxc2 23. Bc3 Rxd1 24. Rxd1 Ne4 25. Rd8+ Bf8 26. Bb4 Nc5
27. Bc3 Ne4 28. Bd4 Nc5 29. Kf1 Ne6 30. Rd7 Nxd4 31. Rxd4 Bc5 32. Rf4 f5 33. b4
Bf8 34. Rf3 Kg7 35. Rd3 Rc7 36. Ke2 Be7 37. Kd2 Bf6 38. Rd5 Re7 39. Bd7 Bb2 40.
Rd3 Bxa3 41. Rxa3 Rxd7+ 42. Kc3 Kf6 43. Kc4 Ke6 44. Re3+ Kf7 45. h4 h6 46. Re2
g5 47. hxg5 hxg5 48. f3 Kf6 49. Re3 a5 50. bxa5 bxa5 51. Kb5 Re7 52. Rc3 Re5+
53. Ka4 Rd5 54. Re3 Rc5 55. Kb3 Rd5 56. Ka4 f4 57. gxf4 gxf4 58. Re4 Kf5 59.
Re1 Rd3 60. Rf1 Kg5 61. Rg1+ Kf5 62. Rf1 Ke5 63. Re1+ Kd6 64. Rf1 Kd5 65. Kxa5
1/2-1/2

[Event "ch-city"]
[Site "Milanowek"]
[Date "2011.??.??"]
[Round "6.7"]
[White "Woloszyn, Piotr"]
[Black "Staniak, Mariusz"]
[Result "0-1"]
[WhiteElo "1664"]
[BlackElo "1889"]
[PlyCount "80"]
[EventDate "2011.??.??"]

1. d4 Nf6 2. c4 e6 3. Nf3 b6 4. g3 Ba6 5. Qa4 c5 6. Bg2 Bb7 7. e3 Be7 8. O-O
O-O 9. dxc5 Bxc5 10. b4 Be7 11. Bb2 Nc6 12. a3 Rc8 13. Nbd2 Rc7 14. Rfd1 Qa8
15. Rac1 Rfc8 16. Qb3 d5 17. cxd5 Nxd5 18. e4 Nf6 19. h3 h6 20. Qe3 Rd7 21. Nb3
Rcd8 22. Rxd7 Rxd7 23. b5 Na5 24. Nxa5 bxa5 25. Ne5 Rd8 26. Nc6 Bxc6 27. Rxc6
Qb8 28. a4 e5 29. Qc3 Nd7 30. Ba3 Bxa3 31. Qxa3 Nb6 32. Qc3 Rd1+ 33. Kh2 Qd8
34. Qxa5 Qd4 35. Rc2 Ra1 36. Qd2 Qxa4 37. Qd8+ Kh7 38. Rc7 Qa2 39. Qe7 Qxf2 40.
h4 Ra2 0-1

[Event "ch-city"]
[Site "Milanowek"]
[Date "2011.??.??"]
[Round "6.9"]
[White "Wyszomirski, Krzysztof"]
[Black "Kaczmarczyk, Marcin"]
[Result "1-0"]
[WhiteElo "1728"]
[BlackElo "1738"]
[PlyCount "127"]
[EventDate "2011.??.??"]

1. e4 e6 2. d4 d5 3. Nd2 dxe4 4. Nxe4 Nd7 5. Bd3 Ngf6 6. Nf3 Be7 7. O-O O-O 8.
c3 Nxe4 9. Bxe4 Nf6 10. Bc2 b6 11. Re1 Bb7 12. Bg5 Nd5 13. Qd3 g6 14. Bh6 Re8
15. Ne5 Nf6 16. c4 c5 17. Ba4 Bd6 18. Bxe8 Bxe5 19. Rxe5 Ng4 20. Re2 Nxh6 21.
Ba4 cxd4 22. Rd1 Nf5 23. Qh3 Qg5 24. Bc2 Nh4 25. Be4 Bxe4 26. Rxe4 Nf5 27. Qg4
Qxg4 28. Rxg4 e5 29. Re4 f6 30. b3 Kf7 31. f3 h5 32. Re2 Rd8 33. Rd3 Ke7 34.
Kf2 Ne3 35. Ke1 g5 36. h3 Rg8 37. g4 hxg4 38. hxg4 Rh8 39. Rf2 Rh3 40. Kd2 Ke6
41. Ke2 f5 42. gxf5+ Kxf5 43. a4 Kf4 44. Rd2 Rh1 45. b4 Nxc4 46. Rc2 Nd6 47.
Rc7 a5 48. Rc6 Ne8 49. b5 Ra1 50. Rxb6 Rxa4 51. Re6 Ng7 52. Rf6+ Kg3 53. Rf1
Ra2+ 54. Kd3 Nh5 55. Rf5 Kg2 56. Rb1 Nf4+ 57. Kc4 Rc2+ 58. Kb3 Rc3+ 59. Ka4 d3
60. b6 d2 61. Rxg5+ Kxf3 62. b7 Rc1 63. Rg1 Rxg1 64. Rxg1 1-0

[Event "ch-city"]
[Site "Milanowek"]
[Date "2011.??.??"]
[Round "6.10"]
[White "Tomczyk, Ryszard"]
[Black "Szustakowski, Antoni"]
[Result "0-1"]
[WhiteElo "1479"]
[BlackElo "1437"]
[Annotator "M"]
[PlyCount "138"]
[EventDate "2011.??.??"]

1. d4 Nf6 2. c4 g6 3. Nc3 Bg7 4. e4 d6 5. h3 O-O 6. Nf3 c5 7. Be3 Nbd7 8. Qc2
b6 9. Be2 Bb7 10. O-O Re8 11. Rad1 Qc7 12. Nb5 Qb8 13. Nc3 a6 14. Bd3 Qc7 15.
d5 e6 16. Qd2 e5 17. Bh6 Nh5 18. g3 Bc8 19. g4 Nhf6 20. Kg2 Nf8 21. Nh2 Bd7 22.
a4 Qc8 $11 23. f3 Rb8 $11 24. Rg1 Ra8 25. Kh1 Re7 26. Bg5 Re8 27. Rdf1 h5 28.
Rg2 N8h7 29. Bh4 Rf8 30. Rg3 Kh8 31. Rfg1 Re8 32. Ne2 Bxa4 33. Bg5 Bd7 34. b3
Rb8 35. R3g2 b5 36. Nc3 b4 37. Ne2 a5 38. Bc2 Ra8 39. Ra1 Ra7 40. Ra2 Qa8 41.
Rg1 a4 42. Rga1 a3 43. Re1 Qc8 44. Rg1 Ra8 45. Nc1 Kg8 46. Bh4 Rf8 47. Nd3 Kh8
$11 48. Qg2 Re8 49. Bf2 Bh6 50. Bd1 Bg7 51. Be3 Rb8 52. Nf2 Ra8 53. f4 Qc7 54.
gxh5 Nf8 55. hxg6 fxg6 56. f5 Re7 57. fxg6 Be8 58. Nhg4 Bxg6 59. Bg5 Rf7 60.
Nxf6 Bxf6 61. Bxf6+ Rxf6 62. Qg5 Qg7 63. Ng4 Bxe4+ 64. Kh2 Qxg5 65. Nxf6 Qxf6
66. Re1 Qf4+ 67. Kg1 Ng6 68. Bg4 Rf8 69. Rae2 Qg3+ 0-1

[Event "ch-city"]
[Site "Milanowek"]
[Date "2011.??.??"]
[Round "6.11"]
[White "Wrzesinski, Gustaw"]
[Black "Kucharski, Jacek"]
[Result "1-0"]
[WhiteElo "1342"]
[BlackElo "1384"]
[PlyCount "129"]
[EventDate "2011.??.??"]

1. e4 c5 2. Nf3 d6 3. Nc3 Nf6 4. d4 cxd4 5. Nxd4 a6 6. Bd3 e6 7. O-O Nc6 8.
Nxc6 bxc6 9. Qe2 e5 10. h3 Be7 11. Be3 O-O 12. Rad1 Qc7 13. Rfe1 c5 14. Nd5
Nxd5 15. exd5 Bb7 16. Qh5 g6 17. Qf3 f5 18. Bc4 Bf6 19. Bh6 Rf7 20. Qg3 Qb6 21.
b3 a5 22. Bg5 f4 23. Qh4 Bxg5 24. Qxg5 Bc8 25. h4 Bf5 26. Bd3 Qd8 27. Qxd8+
Rxd8 28. g3 Bg4 29. Be2 f3 30. Bd3 Rg7 31. Be4 h5 32. Rd3 g5 33. hxg5 Rxg5 34.
Bxf3 Rf8 35. Bxg4 Rxg4 36. Kg2 Rg7 37. Rf3 Rxf3 38. Kxf3 Rg4 39. Re4 Rg7 40.
Rh4 Rh7 41. g4 Rf7+ 42. Kg3 hxg4 43. Rxg4+ Kf8 44. Rg6 Ke7 45. f3 Kd7 46. Rg4
Kc7 47. c3 Kb6 48. Rg6 Kc7 49. Kg4 Rf4+ 50. Kg3 c4 51. Rg4 Rxg4+ 52. fxg4 cxb3
53. axb3 Kd7 54. Kf3 Ke7 55. g5 Kf7 56. Kg4 Kg7 57. Kf5 Kf8 58. g6 Kg8 59. c4
Kg7 60. c5 e4 61. cxd6 e3 62. d7 e2 63. d8=Q e1=Q 64. Qd7+ Kh6 65. Qh7# 1-0

[Event "ch-city"]
[Site "Milanowek"]
[Date "2011.??.??"]
[Round "7.1"]
[White "Kolosowski, Mateusz"]
[Black "Wyszomirski, Krzysztof"]
[Result "1-0"]
[WhiteElo "2408"]
[BlackElo "1728"]
[PlyCount "41"]
[EventDate "2011.??.??"]

1. e4 e5 2. Nf3 Nc6 3. Bb5 a6 4. Ba4 d6 5. O-O Nf6 6. Re1 b5 7. Bb3 Na5 8. d4
Nxb3 9. axb3 exd4 10. Nxd4 c5 11. Nxb5 Bg4 12. f3 axb5 13. Rxa8 Qxa8 14. fxg4
Nd7 15. Nc3 Qc6 16. Qd5 Qb6 17. Qa8+ Nb8 18. Nd5 Qd8 19. e5 Be7 20. exd6 O-O
21. dxe7 1-0

[Event "ch-city"]
[Site "Milanowek"]
[Date "2011.??.??"]
[Round "7.2"]
[White "Malec, Sebastian"]
[Black "Sawicki, Mikolaj"]
[Result "1-0"]
[WhiteElo "2167"]
[BlackElo "2045"]
[PlyCount "87"]
[EventDate "2011.??.??"]

1. e4 e5 2. Nf3 Nf6 3. d4 Nxe4 4. Bd3 d5 5. dxe5 Nc6 6. O-O Bg4 7. Nc3 Nxc3 8.
bxc3 Be7 9. Re1 O-O 10. h3 Be6 11. Rb1 Rb8 12. Be3 b6 13. Qc1 Qc8 14. Bb5 Nd8
15. Bg5 Bxg5 16. Qxg5 c5 17. Bd3 c4 18. Be2 Nc6 19. Rbd1 Qc7 20. Qh5 Rbd8 21.
Bf1 Kh8 22. g4 g6 23. Qh4 Qe7 24. Ng5 f5 25. exf6 Rxf6 26. Nxh7 Kg7 27. Qxf6+
Qxf6 28. Nxf6 Kxf6 29. f4 b5 30. Rb1 Rb8 31. Bg2 a5 32. a3 b4 33. axb4 axb4 34.
cxb4 Rxb4 35. c3 Rb3 36. Ra1 Rb6 37. Reb1 Rxb1+ 38. Rxb1 Ne7 39. Kf2 Nc6 40.
Rb6 Ne7 41. Ke3 Nc8 42. Ra6 Ne7 43. Kd4 Kf7 44. Ke5 1-0

[Event "ch-city"]
[Site "Milanowek"]
[Date "2011.??.??"]
[Round "7.3"]
[White "Lasota, Adam"]
[Black "Goslawski, Michal"]
[Result "0-1"]
[WhiteElo "1844"]
[BlackElo "2033"]
[PlyCount "112"]
[EventDate "2011.??.??"]

1. d4 e6 2. Nf3 Nf6 3. Bf4 c5 4. c3 Nc6 5. e3 Nh5 6. Bg3 Nxg3 7. hxg3 d5 8. Bd3
g6 9. Nbd2 Qd6 10. dxc5 Qxc5 11. Nb3 Qb6 12. Qe2 Bg7 13. Nbd4 e5 14. Nxc6 bxc6
15. e4 O-O 16. O-O-O Rb8 17. Rh4 a5 18. g4 dxe4 19. Bxe4 Ba6 20. Qd2 Rfd8 21.
Qc2 Rxd1+ 22. Kxd1 Qxb2 23. Qxb2 Rxb2 24. Bxc6 Rxa2 25. Nd2 Bd3 26. Ne4 Bxe4
27. Bxe4 Rxf2 28. Bd5 Rf4 29. g3 Rf1+ 30. Ke2 Rg1 31. Kf3 Rf1+ 32. Ke2 Rc1 33.
c4 Bf8 34. Kf3 Bc5 35. g5 Rc3+ 36. Kg2 a4 37. Re4 Rc2+ 38. Kh3 Bd4 39. Re1 a3
40. Rf1 Rf2 41. Rxf2 Bxf2 42. c5 Bxc5 43. g4 Be7 44. Kg3 Bxg5 45. Kf3 Kg7 46.
Ke4 f6 47. Ba2 Kf8 48. Kd5 Ke7 49. Bb3 h5 50. gxh5 gxh5 51. Ke4 Kd6 52. Kd3 Kc5
53. Be6 Kd6 54. Ba2 h4 55. Ke4 Kc5 56. Be6 h3 0-1

[Event "ch-city"]
[Site "Milanowek"]
[Date "2011.??.??"]
[Round "7.4"]
[White "Staniak, Mariusz"]
[Black "Tomaszewska, Luiza"]
[Result "0-1"]
[WhiteElo "1889"]
[BlackElo "1994"]
[PlyCount "64"]
[EventDate "2011.??.??"]

1. c4 Nf6 2. Nc3 e6 3. e4 d6 4. d4 b6 5. Bd3 c5 6. Nf3 Bb7 7. O-O Nbd7 8. Re1
cxd4 9. Nxd4 Be7 10. b3 O-O 11. Bb2 a6 12. Rc1 Rc8 13. Bb1 Qc7 14. f4 Qb8 15.
Qd3 Bd8 16. Qh3 b5 17. Nf3 bxc4 18. e5 Bxf3 19. exf6 Nxf6 20. gxf3 g6 21. Ne4
Nxe4 22. fxe4 Ba5 23. Re3 Bb6 24. Rce1 c3 25. Ba1 c2 26. Kg2 Bxe3 27. Rxe3 e5
28. Bxc2 f5 29. exf5 Rxf5 30. Rc3 Qb7+ 31. Kg3 exf4+ 32. Kg4 h5+ 0-1

[Event "ch-city"]
[Site "Milanowek"]
[Date "2011.??.??"]
[Round "7.5"]
[White "Olejarczyk, Bogdan"]
[Black "Dabrowski, Mikolaj"]
[Result "1-0"]
[WhiteElo "2120"]
[BlackElo "1434"]
[PlyCount "39"]
[EventDate "2011.??.??"]

1. d4 d5 2. Nf3 c5 3. e3 e6 4. c3 Nf6 5. Nbd2 Nc6 6. Bd3 Bd6 7. O-O O-O 8. Re1
Qc7 9. Qe2 cxd4 10. exd4 Re8 11. Ne5 Bxe5 12. dxe5 Nd7 13. Nf3 h6 14. b4 a5 15.
b5 Nd8 16. a4 Nc5 17. Bb1 Nb3 18. Qc2 Nxa1 19. Qh7+ Kf8 20. Ba3+ 1-0

[Event "ch-city"]
[Site "Milanowek"]
[Date "2011.??.??"]
[Round "7.6"]
[White "Kolinski, Daniel"]
[Black "Tomaszewski, Wieslaw"]
[Result "0-1"]
[WhiteElo "1785"]
[BlackElo "1573"]
[PlyCount "58"]
[EventDate "2011.??.??"]

1. Nc3 g6 2. e4 Bg7 3. d4 d6 4. Be3 c6 5. Bd3 Nf6 6. f3 Nbd7 7. Nge2 e5 8. d5
c5 9. Nb5 Nb6 10. c4 a6 11. Nbc3 Nbd7 12. Qd2 h5 13. O-O-O Qa5 14. Kb1 Nf8 15.
Qc2 Bd7 16. Qb3 Rb8 17. Bd2 h4 18. Rde1 Bh6 19. f4 Ng4 20. Nd1 Qxd2 21. h3 Nf6
22. Qb6 Qxd3+ 23. Ka1 Ke7 24. Rhf1 Qxc4 25. fxe5 Ne8 26. exd6+ Nxd6 27. Nec3
Qb4 28. Rxf7+ Nxf7 29. d6+ Ke8 0-1

[Event "ch-city"]
[Site "Milanowek"]
[Date "2011.??.??"]
[Round "7.7"]
[White "Fraczek, Lukasz"]
[Black "Wojtowicz, Mieczyslaw"]
[Result "1/2-1/2"]
[WhiteElo "1503"]
[BlackElo "1737"]
[PlyCount "40"]
[EventDate "2011.??.??"]

1. e4 d6 2. d4 c6 3. Nc3 g6 4. Nf3 Bg4 5. Be2 Bg7 6. O-O Nf6 7. Be3 O-O 8. Qd2
Re8 9. Bh6 Bxf3 10. Bxf3 e5 11. Bxg7 Kxg7 12. dxe5 Rxe5 13. Rad1 Ne8 14. Qd4
Qf6 15. Bg4 Na6 16. Bd7 Nac7 17. Bxe8 Nxe8 18. f4 Re6 19. e5 dxe5 20. fxe5 Qe7
1/2-1/2

[Event "ch-city"]
[Site "Milanowek"]
[Date "2011.??.??"]
[Round "7.8"]
[White "Jarzebowski, Kacper"]
[Black "Szustakowski, Antoni"]
[Result "1/2-1/2"]
[WhiteElo "1237"]
[BlackElo "1437"]
[PlyCount "65"]
[EventDate "2011.??.??"]

1. e4 c5 2. Nf3 Nc6 3. d4 cxd4 4. Nxd4 g6 5. Nc3 Bg7 6. Be3 d6 7. f3 Nf6 8. Qd2
O-O 9. O-O-O Bd7 10. Be2 a6 11. g4 b5 12. h4 h5 13. g5 Nh7 14. Nd5 Rb8 15. Nxc6
Bxc6 16. Nb4 Bb7 17. Kb1 a5 18. Nd5 Bxd5 19. Qxd5 b4 20. Qd3 a4 21. b3 Qa5 22.
Bd4 Bxd4 23. Qxd4 axb3 24. cxb3 Ra8 25. Rd2 e5 26. Qb2 Rfd8 27. Rhd1 Qc5 28.
Bc4 Nf8 29. Rc1 Qb6 30. Rd5 Ra5 31. Qd2 Rd7 32. Rd1 Rxd5 33. Bxd5 1/2-1/2

[Event "ch-city"]
[Site "Milanowek"]
[Date "2011.??.??"]
[Round "7.10"]
[White "Kaczmarczyk, Marcin"]
[Black "Woloszyn, Piotr"]
[Result "0-1"]
[WhiteElo "1738"]
[BlackElo "1664"]
[PlyCount "56"]
[EventDate "2011.??.??"]

1. e4 e6 2. d4 c5 3. c3 a6 4. a4 b6 5. d5 e5 6. Bd3 d6 7. Ne2 Bg4 8. O-O Be7 9.
Qc2 Bg5 10. f4 exf4 11. Nxf4 Nd7 12. h3 Bxf4 13. Bxf4 Bh5 14. Bxd6 f6 15. Qf2
Nh6 16. Nd2 Nf7 17. Bh2 Nde5 18. Bxe5 Nxe5 19. Be2 Bxe2 20. Qxe2 O-O 21. c4 Rb8
22. b3 Qd7 23. Nf3 Ng6 24. Qb2 Qd6 25. Rae1 Rbe8 26. Nd2 Qg3 27. Qb1 Nf4 28.
Rf2 Nxh3+ 0-1

[Event "ch-city"]
[Site "Milanowek"]
[Date "2011.??.??"]
[Round "7.11"]
[White "Kucharski, Jacek"]
[Black "Tomczyk, Ryszard"]
[Result "1-0"]
[WhiteElo "1384"]
[BlackElo "1479"]
[PlyCount "117"]
[EventDate "2011.??.??"]

1. d4 Nf6 2. c4 b6 3. Nf3 Bb7 4. e3 e6 5. Bd2 Nc6 6. g3 d5 7. cxd5 exd5 8. Nc3
a6 9. Bg2 Bd6 10. O-O Qd7 11. a3 O-O 12. Re1 Rae8 13. Qc2 h6 14. Rad1 Na5 15.
Bc1 Nc4 16. Nd2 Nxd2 17. Bxd2 c6 18. b4 b5 19. Ra1 Ra8 20. a4 Bxb4 21. Reb1 Bd6
22. Ne2 Rfe8 23. Bb4 Bc7 24. Rb3 g5 25. Rba3 Bd6 26. Bxd6 Qxd6 27. axb5 axb5
28. Ra7 Rab8 29. Nc1 Rec8 30. Nd3 h5 31. Nc5 Rc7 32. Qf5 Nh7 33. Rxb7 Rbxb7 34.
Nxb7 Rxb7 35. Qc8+ Kg7 36. Qxb7 Nf6 37. Ra6 Qb4 38. h3 Qe1+ 39. Kh2 Qxf2 40.
Qxc6 h4 41. Qxf6+ Qxf6 42. Rxf6 Kxf6 43. Bxd5 hxg3+ 44. Kxg3 Kg6 45. e4 f6 46.
Kg4 Kh6 47. e5 Kg6 48. exf6 Kxf6 49. Be4 b4 50. d5 b3 51. d6 Ke6 52. Kxg5 Kxd6
53. Kf6 Kd7 54. Kf7 Kd6 55. h4 Ke5 56. Bg6 Kf4 57. Kf6 Kg4 58. h5 b2 59. h6 1-0

[Event "ch-city"]
[Site "Milanowek"]
[Date "2011.??.??"]
[Round "8.1"]
[White "Tomaszewski, Wieslaw"]
[Black "Kolosowski, Mateusz"]
[Result "0-1"]
[WhiteElo "1573"]
[BlackElo "2408"]
[PlyCount "122"]
[EventDate "2011.??.??"]

1. Nf3 g6 2. d4 Nf6 3. e3 Bg7 4. b3 d5 5. Nbd2 O-O 6. Bb2 a5 7. a4 b6 8. c3 Bb7
9. Be2 c5 10. Bb5 Nc6 11. O-O Nd7 12. c4 e6 13. Rc1 Nb4 14. Qe2 Rc8 15. Rfd1
cxd4 16. exd4 Nc5 17. dxc5 Bxb2 18. Rb1 Bg7 19. cxd5 Nxd5 20. Nc4 Rxc5 21. Qd3
Qc7 22. Rbc1 Bh6 23. Rb1 Nf4 24. Qd6 Bxf3 25. gxf3 Ne2+ 26. Kf1 Nc3 27. Qxc7
Rxc7 28. Ra1 Nxd1 29. Rxd1 Rb8 30. h3 Bf4 31. h4 h6 32. Rd4 g5 33. hxg5 hxg5
34. Ke2 Kf8 35. Rd3 Ke7 36. Rd1 Rd8 37. Rh1 Kf6 38. Rh6+ Kg7 39. Rh1 f6 40. Rg1
Rc5 41. Rh1 Rcd5 42. Rb1 Rh8 43. Bc6 Rdd8 44. Rf1 Rh2 45. Rg1 Bd6 46. Rd1 Be7
47. Rg1 Bc5 48. Rf1 Rdh8 49. Bd7 Kf7 50. Bc6 Rh1 51. Rxh1 Rxh1 52. f4 Rh2 53.
fxg5 Rxf2+ 54. Ke1 fxg5 55. Ne5+ Ke7 56. Nd3 Rh2 57. Bb5 g4 58. Bc6 Kd6 59. Be4
g3 60. Kf1 Rd2 61. Ne1 Rf2+ 0-1

[Event "ch-city"]
[Site "Milanowek"]
[Date "2011.??.??"]
[Round "8.2"]
[White "Tomaszewska, Luiza"]
[Black "Malec, Sebastian"]
[Result "1-0"]
[WhiteElo "1994"]
[BlackElo "2167"]
[PlyCount "69"]
[EventDate "2011.??.??"]

1. e4 c5 2. Nf3 Nc6 3. d4 cxd4 4. Nxd4 Nf6 5. Nc3 d6 6. Bg5 e6 7. Qd2 a6 8.
O-O-O Bd7 9. f4 h6 10. Bh4 g5 11. fxg5 Ng4 12. Nxc6 bxc6 13. e5 d5 14. Ne4 hxg5
15. Bxg5 Qc7 16. Be2 Qxe5 17. Bxg4 Qxe4 18. Bf3 Qe5 19. h4 Rb8 20. c3 f6 21.
Rhe1 Qf5 22. Be4 Qg4 23. Qd4 Qh5 24. g4 Qf7 25. Bxf6 Rh6 26. Rf1 Bc5 27. Qe5
Be3+ 28. Kb1 Rb5 29. Bg7 d4 30. Qxb5 Qxg7 31. Qb8+ Ke7 32. Qc7 Qxg4 33. Bxc6 e5
34. Bxd7 Qe4+ 35. Ka1 1-0

[Event "ch-city"]
[Site "Milanowek"]
[Date "2011.??.??"]
[Round "8.3"]
[White "Goslawski, Michal"]
[Black "Olejarczyk, Bogdan"]
[Result "0-1"]
[WhiteElo "2033"]
[BlackElo "2120"]
[PlyCount "60"]
[EventDate "2011.??.??"]

1. Nf3 d5 2. d4 c6 3. c4 e6 4. Qc2 Nd7 5. g3 Ngf6 6. Bg2 Bd6 7. O-O O-O 8. Bg5
h6 9. Bxf6 Nxf6 10. Nbd2 b6 11. e4 Nxe4 12. Nxe4 dxe4 13. Qxe4 Bb7 14. Rfd1 Qe7
15. Ne5 Rac8 16. c5 Bxe5 17. Qxe5 Rfd8 18. b4 Ba6 19. Rac1 Bb5 20. f4 Rd7 21.
a3 Ba4 22. Rd3 Bb5 23. Rd2 a5 24. cxb6 axb4 25. a4 Bxa4 26. Ra2 Bb5 27. Ra5 Qd8
28. Qc5 Rb8 29. Ra7 Rxd4 30. b7 Rd1+ 0-1

[Event "ch-city"]
[Site "Milanowek"]
[Date "2011.??.??"]
[Round "8.4"]
[White "Sawicki, Mikolaj"]
[Black "Lasota, Adam"]
[Result "1/2-1/2"]
[WhiteElo "2045"]
[BlackElo "1844"]
[Annotator "M"]
[PlyCount "119"]
[EventDate "2011.??.??"]

1. e4 c5 2. Nf3 e6 3. d4 cxd4 4. Nxd4 Nc6 5. Nb5 d6 6. c4 Nf6 7. N1c3 a6 8. Na3
b6 9. Be2 Bb7 10. O-O Qc7 11. Be3 Be7 12. f3 O-O 13. Qb3 Nd7 14. Rfd1 Nc5 15.
Qc2 Nb4 16. Qd2 Rad8 17. Ncb5 axb5 18. Nxb5 Qc6 19. Qxb4 d5 20. cxd5 exd5 21.
exd5 Rxd5 22. Rxd5 Qxd5 23. Nc3 Qe6 24. Bf2 Rc8 25. Qg4 Qxg4 26. fxg4 Bf6 27.
Rd1 Bxc3 28. bxc3 Ne4 29. Bf3 Nxf2 30. Kxf2 Bxf3 31. gxf3 g6 32. Rd3 Ra8 33.
Rd2 Rc8 34. Rc2 Kf8 35. Ke3 Ke7 36. Kd4 Kd6 37. Rb2 Kc6 38. a4 Rd8+ 39. Kc4 Re8
40. h4 Re1 $11 41. Rh2 Rf1 42. Rh3 Ra1 43. Kd4 f6 44. g5 Rxa4+ 45. Ke3 fxg5 46.
hxg5 Ra7 47. Rh4 Kc5 48. Re4 Rf7 49. f4 Rd7 50. Re8 Kc6 51. Ke4 Rf7 52. Rc8+
Kb7 53. Re8 Kc6 54. Re5 Kd6 55. c4 Rc7 56. Kd4 Rf7 57. Rd5+ Kc6 58. Ke4 Re7+
59. Re5 Rf7 60. Rd5 1/2-1/2

[Event "ch-city"]
[Site "Milanowek"]
[Date "2011.??.??"]
[Round "8.6"]
[White "Woloszyn, Piotr"]
[Black "Fraczek, Lukasz"]
[Result "1-0"]
[WhiteElo "1664"]
[BlackElo "1503"]
[PlyCount "74"]
[EventDate "2011.??.??"]

1. Nf3 c5 2. c4 g6 3. Nc3 Bg7 4. g3 Nf6 5. Bg2 O-O 6. O-O d6 7. d3 Nc6 8. h3
Bd7 9. Be3 Qc8 10. Kh2 a6 11. Rb1 Rb8 12. a4 e5 13. Ng5 Ne7 14. Nge4 Ne8 15. f4
f5 16. Ng5 Bc6 17. Nd5 Nxd5 18. cxd5 Bd7 19. Ne6 Bxe6 20. dxe6 Qxe6 21. b4 cxb4
22. Rxb4 exf4 23. Bxf4 b5 24. d4 Nc7 25. d5 Qe7 26. h4 Bc3 27. Rb3 b4 28. Qd3
a5 29. Bh6 Rfe8 30. e3 Be5 31. Rc1 Qxh4+ 32. Kg1 Qxh6 33. Rxc7 Bxg3 34. Qd4
Rbc8 35. Rc6 f4 36. Qf6 Rxc6 37. dxc6 Rf8 1-0

[Event "ch-city"]
[Site "Milanowek"]
[Date "2011.??.??"]
[Round "8.7"]
[White "Szustakowski, Antoni"]
[Black "Kolinski, Daniel"]
[Result "1/2-1/2"]
[WhiteElo "1437"]
[BlackElo "1785"]
[Annotator "M"]
[PlyCount "41"]
[EventDate "2011.??.??"]

1. c4 Nf6 2. Nc3 c5 3. g3 Nc6 4. Bg2 e6 5. d3 Be7 6. Nf3 O-O 7. O-O Ne8 8. Bd2
Nc7 9. Bf4 a6 10. Qb3 d6 11. Na4 b5 12. Nb6 Rb8 13. Nxc8 Qxc8 14. Qc2 Qd8 15.
b3 h6 16. a3 g5 17. Bd2 b4 18. a4 Bf6 19. Rab1 a5 20. Qd1 Bg7 21. Nxg5 $11
1/2-1/2

[Event "ch-city"]
[Site "Milanowek"]
[Date "2011.??.??"]
[Round "8.8"]
[White "Wyszomirski, Krzysztof"]
[Black "Jarzebowski, Kacper"]
[Result "1-0"]
[WhiteElo "1728"]
[BlackElo "1237"]
[PlyCount "107"]
[EventDate "2011.??.??"]

1. e4 c5 2. Nf3 d6 3. d4 cxd4 4. Nxd4 Nf6 5. Nc3 a6 6. Be2 e5 7. Nb3 Be6 8. Be3
Be7 9. f3 O-O 10. O-O Nbd7 11. Nd5 Bxd5 12. exd5 b5 13. a4 b4 14. c4 bxc3 15.
bxc3 a5 16. c4 Nb6 17. Qd2 Nbd7 18. Rfd1 Qc7 19. f4 Ne4 20. Qc2 Nec5 21. Nd2
Bf6 22. Rab1 Rfb8 23. fxe5 Bxe5 24. Rb5 Rxb5 25. cxb5 Rc8 26. Nc4 f6 27. Kh1
Nb6 28. Nxb6 Qxb6 29. Qf5 Qc7 30. Rc1 Qb7 31. h4 g6 32. Qg4 f5 33. Qc4 Qc7 34.
Bf3 Bb2 35. Rc2 Be5 36. Kg1 Qg7 37. h5 Qe7 38. hxg6 hxg6 39. b6 Bh2+ 40. Kf2
Re8 41. Re2 Ne4+ 42. Bxe4 fxe4 43. Qc7 Rf8+ 44. Ke1 Bg3+ 45. Kd2 Rf7 46. Qxe7
Rxe7 47. Kc3 Be5+ 48. Kc4 Rb7 49. Kb5 Bc3 50. Kc6 Rb8 51. Kc7 Rf8 52. b7 Rf7+
53. Kc6 Rf8 54. Ba7 1-0

[Event "ch-city"]
[Site "Milanowek"]
[Date "2011.??.??"]
[Round "8.10"]
[White "Wrzesinski, Gustaw"]
[Black "Tomczyk, Ryszard"]
[Result "0-1"]
[WhiteElo "1342"]
[BlackElo "1479"]
[Annotator "M"]
[PlyCount "140"]
[EventDate "2011.??.??"]

1. e4 e6 2. Nf3 c5 3. d4 cxd4 4. Nxd4 Bc5 5. Nc3 Qb6 6. Na4 Qa5+ 7. Nc3 Qb4 8.
Nb3 Bb6 9. a3 Qe7 10. Bd3 Nc6 11. O-O a6 12. Qg4 g6 13. Bg5 f6 14. Bc1 Ba7 15.
Re1 Ne5 16. Qh3 b5 17. Kh1 Bxf2 18. Rf1 Ba7 19. Be2 h5 20. Bf4 Bb8 21. Be3 d6
22. Bd4 Nc6 23. Bg1 Bc7 24. Qd3 Bb7 25. Rae1 Nh6 26. Bd1 Ne5 27. Qg3 O-O-O 28.
Bd4 Nhf7 29. Nc1 Rdg8 30. Nd3 h4 31. Qh3 Kb8 32. Qe3 Nc4 33. Qf2 e5 34. Ba7+
Ka8 35. Qxf6 Qxf6 36. Rxf6 Ng5 37. Bf2 Bd8 38. Rf3 Nxf3 39. gxf3 g5 40. a4 Bc6
41. b3 Nb6 42. Nb4 Bb7 43. axb5 a5 44. Nc6 Nc8 45. Nxd8 Rxd8 46. Be2 Rh7 47.
Ra1 Rc7 48. Rxa5+ Kb8 49. Be1 Rdd7 50. b4 Ba8 51. b6 Nxb6 52. Rb5 Rb7 53. Bf2
Nc8 54. Nd1 Rxb5 55. Bxb5 Rc7 56. c3 Rf7 57. Be2 Bc6 58. b5 Bb7 59. c4 $11 Kc7
60. Ne3 Ne7 61. Kg1 Bc8 62. Nd5+ Nxd5 63. cxd5 Rg7 64. h3 Bd7 65. Kh2 Rg8 66.
b6+ Kb7 67. Bf1 Ra8 68. Kh1 $11 Ra1 69. Kg2 Bxh3+ 70. Kxh3 Rxf1 0-1

[Event "ch-city"]
[Site "Milanowek"]
[Date "2011.??.??"]
[Round "9.1"]
[White "Kolosowski, Mateusz"]
[Black "Olejarczyk, Bogdan"]
[Result "1-0"]
[WhiteElo "2408"]
[BlackElo "2120"]
[PlyCount "103"]
[EventDate "2011.??.??"]

1. d4 d5 2. c4 c6 3. Nf3 Nf6 4. e3 Bf5 5. Nc3 e6 6. Nh4 Bg4 7. Qb3 Qb6 8. h3
Bh5 9. g4 Bg6 10. Nxg6 hxg6 11. g5 Nfd7 12. Qc2 Be7 13. f4 Na6 14. c5 Qc7 15.
Bd2 Nb4 16. Qb1 a5 17. a3 Na6 18. b4 axb4 19. axb4 b5 20. cxb6 Qxb6 21. b5 Nc7
22. Rxa8+ Nxa8 23. bxc6 Qxc6 24. Bb5 Qc7 25. Kf2 O-O 26. h4 Rb8 27. h5 Nf8 28.
h6 f6 29. hxg7 Kxg7 30. gxf6+ Bxf6 31. Qd3 Nb6 32. Rc1 Nc4 33. Bxc4 dxc4 34.
Ne4 Bh4+ 35. Kf3 Rc8 36. Qc3 Nd7 37. d5+ Bf6 38. Nxf6 Nxf6 39. Qd4 exd5 40. Bc3
Qd6 41. Rb1 Rc6 42. Rb7+ Kh6 43. Rf7 Qe6 44. Rxf6 Qh3+ 45. Kf2 Qh2+ 46. Kf3
Qh1+ 47. Ke2 Qg2+ 48. Kd1 Qg4+ 49. Kc1 Qg1+ 50. Kc2 Qg2+ 51. Bd2 Rxf6 52. Qxf6
1-0

[Event "ch-city"]
[Site "Milanowek"]
[Date "2011.??.??"]
[Round "9.2"]
[White "Sawicki, Mikolaj"]
[Black "Tomaszewska, Luiza"]
[Result "0-1"]
[WhiteElo "2045"]
[BlackElo "1994"]
[PlyCount "74"]
[EventDate "2011.??.??"]

1. e4 c5 2. Nf3 d6 3. d4 cxd4 4. Nxd4 Nf6 5. Nc3 a6 6. Bg5 e6 7. f4 Nbd7 8. Bd3
Be7 9. Qf3 Qc7 10. O-O-O b5 11. Rhe1 Bb7 12. Qg3 b4 13. Nb1 Qa5 14. e5 dxe5 15.
fxe5 Nh5 16. Qh4 Bxg5+ 17. Qxg5 g6 18. Bc4 Rc8 19. Nd2 Qc5 20. N4b3 Qc7 21. g4
Ng7 22. Bd3 O-O 23. Nc4 f6 24. exf6 Rxf6 25. h4 Rf4 26. Ncd2 e5 27. h5 Ne6 28.
Qh6 Ndf8 29. hxg6 hxg6 30. Kb1 a5 31. Ne4 Bxe4 32. Rxe4 a4 33. Nd2 a3 34. Rxf4
exf4 35. Ne4 Qe5 36. c3 bxc3 37. b3 c2+ 0-1